| 000 | 00668nam a2200205 i 4500 | ||
|---|---|---|---|
| 001 | 49908 | ||
| 003 | ES-MaACL | ||
| 005 | 20230906162101.0 | ||
| 007 | t| | ||
| 008 | 030725s1969 sp ||||1| spa d | ||
| 245 | 0 | 0 |
_a¿Creer en Dios hoy? _b: 7 respuestas cristianas / _cM. Didier ... [et al.] ; [traducción de Guillermo Gutiérrez]. |
| 260 |
_aSantander : _bSal Terrae, _c[1969] |
||
| 300 |
_a194 p. ; _c22 cm. |
||
| 490 | 1 |
_aTeología y mundo actual ; _v17 |
|
| 700 | 1 |
_aDidier, M. _944518 |
|
| 700 | 1 |
_aGutiérrez, Guillermo. _961054 |
|
| 830 | 0 |
_aTeología y mundo actual ; _v17 _9182301 |
|
| 852 |
_aES-MaACL _jC-48471 _bR.72468 |
||
| 999 |
_c49908 _d49908 |
||